Countries with the least tourists per capita - Statistics

General Stats
  • This quiz has been taken 12 times
  • The average score is 8 of 15
Answer Stats
Hint Answer % Correct
1:142 Niger
89%
1:111 Chad
78%
1:58 Sudan
78%
1:1273 Bangladesh
67%
1:126 Ethiopia
67%
1:169 India
67%
1:102 Mali
67%
1:92 Burkina Faso
56%
1:372 Guinea
56%
1:323 Moldova
56%
1:47 Ivory Coast
44%
1:47 Tanzania
44%
1:69 Belarus
33%
1:106 Madagascar
22%
1:144 Sierra Leone
22%
No matching quizzes found
Score Distribution
Percent of People with Each Score
Percentile by Number Answered
Your Score History
You have not taken this quiz